1948 1482 1669 1310 1659 1086 1182 1115 1622 1997 1563 1463 1341 1034 1224 1664 1827 1112 1016 1528 1388 1928 1082 1613 1856 1787 1487 1261 1712 1153 1210 1108 1964 1534 1644 1655 1676 1603 1625 1462 1824 1900 1499 1139 1456 1147 1110 1704 1476 1054 1299 1151 1292 1732 1970 1399 1443 1104 1460 1152 1537 1583 1555 1723 1524 1150 1487 1798 1056 1697 1724 1820 1395 1108 1167 1772 1561 1352 1641 1146 1852 1988 1599 1117 1314 1681 1912 1205 1424 1161 1574 1296 1287 1251 1723 1092 1694 1913 1865 BCNSPRNW ULIB Ver.6.0+V

เปลี่ยนเป็นภาษาไทย

Change to English
 แสดงรายละเอียดบรรณานุกรม
  กลับหน้าหลัก

Brief Record : Get Marc (ISO 2709) : E-mail record : QR code < ปิดหน้าต่าง
LEADER : 00000nam 2200000uu 4500
001    13399120328
003     ULIB
008    120918s2546||||th 000 0 tha d
020    ^a9789741326778
060 04 ^aQW200^bน234ต 2546
245 00 ^aตำรามะเร็งวิทยา.^n1 /^cนรินทร์ วรวุฒิ, บรรณาธิการ
250    ^aพิมพ์ครั้งที่ 1
260    ^aกรุงเทพฯ :^bคณะแพทยศาสตร์ จุฬาลงกรณ์มหาวิทยาลัย,^c2546
300    ^a[4], 333 หน้า :^bภาพประกอบ ;^c26 ซม
504    ^aมีบรรณานุกรมและดัชนี
650  7 ^aเนื้องอก
650  7 ^aมะเร็ง
700 0  ^aนรินทร์ วรวุฒิ,^eบรรณาธิการ
710 2  ^aจุฬาลงกรณ์มหาวิทยาลัย. ^bคณะแพทยศาสตร์
945    ^p300^l0^i13633
995    ^aกัณชพร
999    ^aใช้งานได้ทุกระบบ
รายการนี้ยังไม่มีแท็ก
คุณยังไม่ได้ล็อกอิน คุณสามารถมีกิจกรรมร่วมกับเว็บไซต์ได้ แต่ต้องล็อกอินก่อน ::
  ล็อกอิน

รายการสื่อสารสนเทศ

ลำดับที่ ประเภท เลขเรียก/บาร์โค้ด สถานที่ สถานะ
1. วิทยาศาสตร์การแพทย์ และสุขภาพ
วิทยาศาสตร์การแพทย์ และสุขภาพ
QW200 น234ต 2546  
  Barcode: 13633
ห้องสมุดวิทยาเขตสวรรค์ประชารักษ์
►หนังสือทั่วไป
ถูกยืม กำหนดส่งวันที่ 15 พฤษภาคม 2558
  จอง

รายการใกล้เคียง
    หัวเรื่อง [เนื้องอก]
    หัวเรื่อง [มะเร็ง]

BibComment


ยังไม่เคยถูกคอมเมนท์

คอมเมนท์ทรัพยากรรายการนี้
  คอมเมนท์: ตำรามะเร็งวิทยา ..


 Copyright 2026. Bcnsprnw @Library